000
00292 a2200121 4500
000
nam a22 7a 4500
005
20260223122128.0
020
_a
9789362879905
100
_a
Harinarayan Thakur
_9
1116525
245
_a
Ko Babhan Ko Sooda
260
_b
Vani Prakashan
_c
2025
942
_c
TEXL
999
_c
1680117
_d
1680117